Conferencia dictada en los salones del partido de la liberación dominicano, en la noche del día 23 de agosto del 1940. / (Registro nro. 32974)
[ vista simple ]
| 000 -CABECERA | |
|---|---|
| campo de control de longitud fija | 00685nam a2200205 a 4500 |
| 001 - NÚMERO DE CONTROL | |
| campo de control | 000033483 |
| 003 - IDENTIFICADOR DEL NÚMERO DE CONTROL | |
| campo de control | DO-SdBNP |
| 005 - FECHA Y HORA DE LA ÚLTIMA TRANSACCIÓN | |
| campo de control | 20220822104858.0 |
| 007 - CAMPO FIJO DE DESCRIPCIÓN FÍSICA--INFORMACIÓN GENERAL | |
| campo de control de longitud fija | ta |
| 008 - DATOS DE LONGITUD FIJA--INFORMACIÓN GENERAL | |
| campo de control de longitud fija | 110830s1940 dr 000 0 spa d |
| 040 ## - FUENTE DE LA CATALOGACIÓN | |
| Centro catalogador/agencia de origen | DO-SdBNP |
| Lengua de catalogación | spa |
| Centro/agencia transcriptor | BNPHU |
| 082 ## - NÚMERO DE LA CLASIFICACIÓN DECIMAL DEWEY | |
| Número de clasificación | xxxx |
| Número de documento/Ítem | A473c |
| 100 ## - ENTRADA PRINCIPAL--NOMBRE DE PERSONA | |
| Nombre de persona | Alvarez Sánchez, C. Virgilio |
| 9 (RLIN) | 58179 |
| 245 10 - MENCIÓN DE TÍTULO | |
| Título | Conferencia dictada en los salones del partido de la liberación dominicano, en la noche del día 23 de agosto del 1940. / |
| Mención de responsabilidad, etc. | Virgilio Alvarez Sánchez. |
| 260 ## - PUBLICACIÓN, DISTRIBUCIÓN, ETC. | |
| Lugar de publicación, distribución, etc. | Ciudad Trujillo, : |
| Nombre del editor, distribuidor, etc. | Partido Dominicano, |
| -- | Listín Diario, |
| Fecha de publicación, distribución, etc. | [1940]. |
| 300 ## - DESCRIPCIÓN FÍSICA | |
| Extensión | 22 p. ; |
| Dimensiones | 23 cm. |
| 590 ## - NOTA LOCAL (RLIN) | |
| Nota local | Inventariado, 2022/ YL |
| 910 ## - DATOS DE OPCIÓN DEL USUARIO (OCLC) | |
| Datos de opción del usuario | YLockward |
| 942 ## - ELEMENTOS DE PUNTO DE ACCESO ADICIONAL (KOHA) | |
| Fuente del sistema de clasificación o colocación | Dewey Decimal Classification |
| Tipo de ítem Koha | Folleto |
| Estado de retiro | Estado de pérdida | Fuente del sistema de clasificación o colocación | Restricciones de uso | No para préstamo | Código de colección | Localización permanente | Ubicación/localización actual | Ubicación en estantería | Fecha de adquisición | Número de inventario | Signatura topográfica completa | Código de barras | Fecha visto por última vez | Precio válido a partir de | Tipo de ítem Koha | Nota pública |
|---|---|---|---|---|---|---|---|---|---|---|---|---|---|---|---|---|
| Dewey Decimal Classification | Excluido de préstamo | Dominicana Folletos Raros y Valiosos | Biblioteca Nacional Pedro Henríquez Ureña | Biblioteca Nacional Pedro Henríquez Ureña | En catalogación | 30.08.2011 | LF1 | xxxx A473c | 33483-10 | 25.06.2020 | 25.06.2020 | Folleto | Perteneció a la biblioteca personal de Martínez Boog. |
